<?xml version="1.0" encoding="UTF-8"?>
<marc:record xmlns:marc="http://www.loc.gov/MARC21/slim">
   <marc:leader>00000nam a2200000 a 4500</marc:leader>
   <marc:datafield ind1="1" ind2=" " tag="100">
      <marc:subfield code="a">Riebe, Brigitte</marc:subfield>
      <marc:subfield code="4">aut</marc:subfield>
      <marc:subfield code="e">Verfasser/-in</marc:subfield>
   </marc:datafield>
   <marc:datafield ind1="0" ind2="0" tag="245">
      <marc:subfield code="a">Der Ruf der Nachtigall</marc:subfield>
   </marc:datafield>
   <marc:datafield ind1="0" ind2="0" tag="245">
      <marc:subfield code="b">Roman</marc:subfield>
   </marc:datafield>
   <marc:datafield ind1="0" ind2="0" tag="245">
      <marc:subfield code="c">Brigitte Riebe</marc:subfield>
   </marc:datafield>
   <marc:datafield ind1=" " ind2="1" tag="264">
      <marc:subfield code="a">Reinbek</marc:subfield>
      <marc:subfield code="b">Wunderlich</marc:subfield>
      <marc:subfield code="c">2024</marc:subfield>
   </marc:datafield>
   <marc:datafield ind1="1" ind2=" " tag="490">
      <marc:subfield code="a">Eifelfrauen</marc:subfield>
      <marc:subfield code="v">2</marc:subfield>
   </marc:datafield>
   <marc:datafield ind1="1" ind2=" " tag="520">
      <marc:subfield code="a">Altenburg, 1945: Wiesen voller Orchideen im Frühling, Heuernten in der Sommersonne, stille Landschaften im Herbstnebel. Klara und Mia Fuchs wachsen als Schwestern auf einem idyllischen Bauernhof in der Eifel auf. Die beiden sind unterschiedlich wie Tag und Nacht: Während Mia alle Blicke auf sich zieht und die Menschen mit ihrer ungezwungenen Art für sich einnimmt, ist Klara nachdenklich und in sich gekehrt. Nur wenn sie singt, fällt alle Schüchternheit von ihr ab. Ihre glockenhelle Stimme verzaubert jeden, der ihr zuhört. Als der tschechische Sänger Pavel auf dem Hof Schutz sucht, nimmt das Leben der Schwestern eine unerwartete Wendung</marc:subfield>
   </marc:datafield>
   <marc:datafield ind1=" " ind2=" " tag="020">
      <marc:subfield code="a">9783805201032</marc:subfield>
      <marc:subfield code="9">9783805201032</marc:subfield>
   </marc:datafield>
   <marc:datafield ind1=" " ind2=" " tag="020">
      <marc:subfield code="a">3805201036</marc:subfield>
      <marc:subfield code="9">3805201036</marc:subfield>
   </marc:datafield>
   <marc:datafield ind1=" " ind2=" " tag="300">
      <marc:subfield code="a">431 S.</marc:subfield>
   </marc:datafield>
</marc:record>
